01028nab a2200265uuc450000100070000000500170000700800410002403500110006503500210007604000130009704100080011010000430011824501030016126000100026465000270027465000430030165000530034470000480039770000520044570000480049770000420054577301460058794200100073399900190074396840420240201202746.0060325e20050301 spa  a968404 a(OCoLC)820346477 ccomduadb aspa10aPeredo Rosado, Pedro4auteaut941706810aImpacto de una estrategia educativa activa participativa en el control de la hipertension arterial c2005. aHipertensión9175474 aÍndice de Masa Corporal (IMC)933481 7aEducación del paciente como asunto2dcs91379710aGómez López, Víctor4auteaut937294010aSanchez Nuncio, Hector Rafael4auteaut953453610aNavarrete Sanchez, Arturo4auteaut941889010aGarcia Ruiz, Martha4auteaut93949340 tRevista Médica del Instituto Mexicano del Seguro Social (México)gVol. 43, No. 02, Mar.-Abr. 2005, p. 125-129w332961x0443-51170108785 cARIMP c378465d378465